000
00257nam a22000977a 4500
008
150821b xxu||||| |||| 00| 0 eng d
082
_a
320 TOU
100
_a
YOUNG ORAN R.
245
_a
SYSTEMS OF POLITICAL SCIENCE
260
_a
NEW JERSEY
_b
PRENTICE-HALL, INC.
_c
1968
999
_c
416
_d
416